<?xml version="1.0" encoding="UTF-8"?>
<record
    xmlns:xsi="http://www.w3.org/2001/XMLSchema-instance"
    xsi:schemaLocation="http://www.loc.gov/MARC21/slim http://www.loc.gov/standards/marcxml/schema/MARC21slim.xsd"
    xmlns="http://www.loc.gov/MARC21/slim">

  <leader>01058nam a22002774aa4500</leader>
  <controlfield tag="003">BOFEUTO</controlfield>
  <controlfield tag="005">20260512151032.0</controlfield>
  <controlfield tag="008">260504t2025    bo     gr     000 f spa d</controlfield>
  <datafield tag="040" ind1=" " ind2=" ">
    <subfield code="6">BOFEUTO</subfield>
    <subfield code="a">BOFEUTO</subfield>
    <subfield code="c">BOFEUTO</subfield>
  </datafield>
  <datafield tag="041" ind1=" " ind2=" ">
    <subfield code="a">spa</subfield>
  </datafield>
  <datafield tag="044" ind1=" " ind2=" ">
    <subfield code="a">bo</subfield>
  </datafield>
  <datafield tag="082" ind1=" " ind2=" ">
    <subfield code="a">TE6298</subfield>
    <subfield code="b">L925p</subfield>
  </datafield>
  <datafield tag="100" ind1=" " ind2=" ">
    <subfield code="a">Loza Alonzo, Fabio Iver</subfield>
    <subfield code="e">autor</subfield>
  </datafield>
  <datafield tag="245" ind1=" " ind2=" ">
    <subfield code="a">Plan de mejora continua con la metodolog&#xED;a seis sigma aplicada al servicio de recolecci&#xF3;n de residuos s&#xF3;lidos en E. M.A.O. /</subfield>
    <subfield code="c"> Fabio Iver Loza Alonzo,  C&#xE9;sar Choque Garc&#xED;a</subfield>
  </datafield>
  <datafield tag="260" ind1=" " ind2=" ">
    <subfield code="a">Oruro :</subfield>
    <subfield code="b">s/n, </subfield>
    <subfield code="c">2025.</subfield>
  </datafield>
  <datafield tag="300" ind1=" " ind2=" ">
    <subfield code="a">164 hojas ;</subfield>
    <subfield code="b">gr&#xE1;f. ilus. ;</subfield>
    <subfield code="c">28.5 cm.</subfield>
  </datafield>
  <datafield tag="500" ind1=" " ind2=" ">
    <subfield code="a">Incluye bibliograf&#xED;a, anexos.</subfield>
  </datafield>
  <datafield tag="502" ind1=" " ind2=" ">
    <subfield code="a">Tesis Dirigida, (Licenciatura) -- Universidad T&#xE9;cnica de Oruro, Facultad de Ciencias Econ&#xF3;micas, Financieras y Administrativas, Carrera Administraci&#xF3;n de Empresas, 2025.</subfield>
  </datafield>
  <datafield tag="650" ind1=" " ind2=" ">
    <subfield code="a">Administraci&#xF3;n</subfield>
  </datafield>
  <datafield tag="653" ind1=" " ind2=" ">
    <subfield code="a">Residuos S&#xF3;lidos</subfield>
  </datafield>
  <datafield tag="653" ind1=" " ind2=" ">
    <subfield code="a">Planificaci&#xF3;n</subfield>
  </datafield>
  <datafield tag="653" ind1=" " ind2=" ">
    <subfield code="a">Seis Sigma</subfield>
  </datafield>
  <datafield tag="653" ind1=" " ind2=" ">
    <subfield code="a">Procesos</subfield>
  </datafield>
  <datafield tag="700" ind1=" " ind2=" ">
    <subfield code="a">Choque Garc&#xED;a, C&#xE9;sar</subfield>
    <subfield code="e">tutor</subfield>
  </datafield>
  <datafield tag="942" ind1=" " ind2=" ">
    <subfield code="2">ddc</subfield>
    <subfield code="c">TE</subfield>
    <subfield code="n">0</subfield>
  </datafield>
  <datafield tag="999" ind1=" " ind2=" ">
    <subfield code="c">16153</subfield>
    <subfield code="d">16153</subfield>
  </datafield>
  <datafield tag="952" ind1=" " ind2=" ">
    <subfield code="0">0</subfield>
    <subfield code="1">0</subfield>
    <subfield code="2">ddc</subfield>
    <subfield code="4">0</subfield>
    <subfield code="7">0</subfield>
    <subfield code="a">UTO</subfield>
    <subfield code="b">UTO</subfield>
    <subfield code="c">4</subfield>
    <subfield code="d">2026-05-04</subfield>
    <subfield code="i">6298</subfield>
    <subfield code="l">0</subfield>
    <subfield code="o">TE6298/L925p/2025</subfield>
    <subfield code="p">TE6298</subfield>
    <subfield code="r">2026-05-12 15:08:55</subfield>
    <subfield code="t">Ej.1</subfield>
    <subfield code="w">2026-05-12</subfield>
    <subfield code="y">TE</subfield>
  </datafield>
</record>
